History of political thought in the English revolution (Record no. 422032)

000 -LEADER
fixed length control field 00476cam a22001337a 4500
008 - FIXED-LENGTH DATA ELEMENTS--GENERAL INFORMATION
fixed length control field 180718b1954 xxu||||| |||| 00| 0 eng d
082 ## - DEWEY DECIMAL CLASSIFICATION NUMBER
Classification number B20 Z13
100 ## - MAIN ENTRY--PERSONAL NAME
Personal name Zagorin, Perez
245 ## - TITLE STATEMENT
Title History of political thought in the English revolution
Statement of responsibility, etc. by Perez Zagorin
260 ## - PUBLICATION, DISTRIBUTION, ETC.
Place of publication, distribution, etc. London
Name of publisher, distributor, etc. Routledge & Kegan Paul
Date of publication, distribution, etc. 1954
300 ## - PHYSICAL DESCRIPTION
Extent vii, 208p
650 ## - SUBJECT ADDED ENTRY--TOPICAL TERM
Topical term or geographic name entry element Great Britain --Politics and government --1642-1660.
650 ## - SUBJECT ADDED ENTRY--TOPICAL TERM
Topical term or geographic name entry element Political science --Great Britain --History --17th century
Holdings
Withdrawn status Lost status Damaged status Not for loan Permanent Location Current Location Date acquired Full call number Barcode Date last seen Price effective from Koha item type
        Indian Institute of Public Administration Indian Institute of Public Administration 2009-08-12 B20 Z13 149 2018-07-21 2018-07-21 Book

Powered by Koha